• 首页
  • 本馆介绍
  • 公告通知
  • 最新文献
  • 馆藏检索
  • 电子资源
  • 读者导购
  • 参考咨询
  • 我的图书馆
  • 登录
  • 详细信息显示
  • 放入我的书架
  • 预约/预借图书
  • 作者相关作品
  • 分类相关作品
  • 丛书相关作品
  • 出版社相关作品

书目信息

  • 表格格式
  • 工作单格式
  • 卡片格式
题名:
五环旗下的阴影
    
 
作者: 晓苏 编著
分册:  
出版信息: 北京   大众文艺出版社  2006
页数: 182页
开本: 19cm
丛书名: 奥林匹克百科丛书
单 册:
中图分类: G811.219
科图分类:
主题词: 奥运会--体育运动史--史料 , 奥运会 , 体育运动史
电子资源:
ISBN: 7-80094-875-7
000 00926oam2 2200289 45
001 012006092501
005 20070707103135.79
010    @a7-80094-875-7@dCNY158.00(共8册)
092    @aCN@b505333
100    @a20060925d2006 em y0chiy0120 ea
101 0  @achi
102    @aCN@b110000
105    @ay z 000yy
200 1  @a五环旗下的阴影@Awu huan qi xia de yin ying@f晓苏[等]编著@Fxiao su [ deng ] bian zhu
205    @a2版
210    @a北京@c大众文艺出版社@d2006
215    @a182页@d19cm
225 2  @a奥林匹克百科丛书@h二
330    @a为了深入普及奥林匹克运动知识,介绍奥林匹克运动的发展动态,本书描述与分析了奥林匹克运动的来龙去脉和在各个历史时期的盛衰情形。
461  0 @12001 @a奥林匹克百科丛书
606 0  @a奥运会@x体育运动史@j史料
606 0  @a奥运会
606 0  @a体育运动史
690    @aG811.219@v4
701  0 @a晓苏@Axiao su@4编著
801  0 @aCN@bLZJBOOK@c20070707
905    @a10447@dG811.219@e45=2
    
    五环旗下的阴影/晓苏[等]编著.-2版.-北京:大众文艺出版社,2006
    182页;19cm.-(奥林匹克百科丛书.二)
    
    
    ISBN 7-80094-875-7:CNY158.00(共8册)
    为了深入普及奥林匹克运动知识,介绍奥林匹克运动的发展动态,本书描述与分析了奥林匹克运动的来龙去脉和在各个历史时期的盛衰情形。
●
相关链接 在E读中查询图书 在五车中查询图书 在当当中查询图书 在豆瓣中查询图书


正题名:五环旗下的阴影     索取号:G811.219/45=2         预约/预借

序号 登录号 条形码 馆藏地/架位号 状态 备注
1 0565312   205653121   第一样本阅览室/ [索取号:G811.219/45=2] 在馆    
2 0565313   205653130   密集书库/ [索取号:G811.219/45=2] 在馆    
3 0565314   205653149   密集书库/ [索取号:G811.219/45=2] 在馆    
4 0565315   205653158   第四借阅区/ [索取号:G811.219/45=2] 在馆    
5 0565316   205653167   第四借阅区/ [索取号:G811.219/45=2] 在馆    
唐山师范学院图书馆 欢迎您!
大连网信软件有限公司© 版权所有